00953 2200289 4500001002100000005001500021035002000036007000300056008004100059020002200100082001100122084001700133100002000150245007900170250001100249260003600260300002700296650002400323700001600347520022600363990001000589990001000599990001000609990001000619990001000629990002400639INLIS00000000001001320221027035125 a0010-0921000048ta221027 g 0 ind  a978-979-007-496-5 a342.06 a342.06 WIL d0 aWilly D.S. Voll1 aDasar-dasar ilmu hukum administrasi negara /cWilly D.S. Voll, Abdul Latif aCet. 2 aJakarta :bSinar Grafika,c2014 axvi, 180 hlm. ;c21 cm 4aAdministrasi negara0 aAbdul Latif aBuku ini berupaya untuk menguraikan dasar-dasar ilmu hukum administrasi negara dan mencari jawaban yang substansial bagi tegaknya materi hukum administrasi dalam negara hukum modern demokratis yang hadir dalam masyarakat. a24924 a24925 a24926 a24927 a24928 a24923/MKRI-P/I-2017